Estudio sobre la necesidad de automatización de máquinas herramienta, en Costa Rica
محفوظ في:
| المؤلف الرئيسي: | |
|---|---|
| مؤلفون آخرون: | |
| التنسيق: | كتاب |
| منشور في: |
San José, C.R.
1997
|
| الموضوعات: | |
| الوسوم: |
إضافة وسم
لا توجد وسوم, كن أول من يضع وسما على هذه التسجيلة!
|
MARC
| LEADER | 00000nam a2200000Ia 4500 | ||
|---|---|---|---|
| 003 | 008168 | ||
| 005 | 20221231144232.0 | ||
| 008 | 140114s1997 cr a m 000 ||s d | ||
| 040 | |c cru CEDI | ||
| 090 | |a TFG 3634 | ||
| 100 | |a Ocampo Rodríguez, Karina M. |9 9546 | ||
| 245 | |a Estudio sobre la necesidad de automatización de máquinas herramienta, en Costa Rica | ||
| 260 | |c 1997 |a San José, C.R. | ||
| 300 | |a xiv, 105 hojas : ilustraciones | ||
| 500 | |a Tesis (licenciatura en ingeniería mecánica)--Universidad de Costa Rica. Facultad de Ingeniería. Escuela de Ingeniería Mecánica | ||
| 650 | |x MAQUINAS HERRAMIENTAS |x AUTOMATIZACION |9 9549 | ||
| 700 | |9 9548 |a Mora Miranda, Carlos Alexis | ||
| 942 | |c TFG | ||
| 999 | |c 18864 |d 18864 | ||
